Monoclova: algunos efectos del neoliberalismo /

Salvato in:
Dettagli Bibliografici
Autore principale: González Chávez, Gerardo
Natura: testo
Soggetti:
Tags: Aggiungi Tag
Nessun Tag, puoi essere il primo ad aggiungerne!!

MARC

LEADER 00000 a a2200000 04500
001 45877
003
040
100 |a González Chávez, Gerardo  
245 |a Monoclova:   |b algunos efectos del neoliberalismo /  |a Gerardo González Chávez  
650 |a ECONOMIA  
650 |a MEXICO  
773 |g número66 (1993), páginas 18-22  
999 |c 25196  |d 25196